00592nam a2200169 a 4500003000200000005001700002008004100019050002800060100001800088245007500106260009000181300002300271504004100294650001800335650002600353650004300379020250415102126.0071124s19uu xx 00 eng d aPHS LB 1049.5b.35 2007 aLai, Pin Fan. aDifferences in study habits of players of online games /cPin Fan Lai. aLas Piñas City, Philippines :bSouthville International School and Colleges,c2007. a30 pages ;c28 cm. aIncludes bibliographical references. aStudy skills. aAcademic achievement. aInternet gamesxPsychological aspects.